| 000 | 01041cam a22002892 4500 | ||
|---|---|---|---|
| 001 | 9100 | ||
| 003 | BD-RjUL | ||
| 005 | 20211208234721.0 | ||
| 008 | 140120r19611949nyua b 001 0 eng | ||
| 035 |
_aOCLC ocm00738401 from D971203M _a(BD-RjUL)9145 |
||
| 040 |
_aDLC _cKSU _dOCL _dCHS _dEQO _dBD-RjUL _beng |
||
| 041 | _aeng | ||
| 082 |
_a537.53 _bZWP |
||
| 096 | _aQC 715 Z98p 1949 | ||
| 100 | 1 |
_aZworykin, Vladimir Kosma, _d1888- _928246 |
|
| 245 | 1 | 0 |
_aPhotoelectricity and its application / _cby V. K. Zworykin and E. G. Ramberg. |
| 260 |
_aNew York : _bJ. Wiley, _cc1949 [printing 1956, 1961] |
||
| 300 |
_axii, 494 p. : _billus. ; _c24 cm. |
||
| 500 | _aPrevious editions, by V. K. Zworykin and E. D. Wilson, pub. under title: Photocells and their application. | ||
| 504 | _aIncludes "References and index. | ||
| 650 | 0 |
_aPhotoelectric cells. _928247 |
|
| 650 | 2 |
_aPhotochemistry _928248 |
|
| 650 | 2 |
_aPhysics _928249 |
|
| 700 | 1 |
_aRamberg, E. G. _q(Edward Granville), _d1907-1995 _928250 |
|
| 942 |
_2ddc _cBK |
||
| 999 |
_c9100 _d9100 |
||